书目信息 |
| 题名: |
医学微生物学实验技术
|
|
| 作者: | 李坚 , 管远志 , 王艾琳 主编 | |
| 分册: | ||
| 出版信息: | 北京 化学工业出版社 2005 |
|
| 页数: | 471 | |
| 开本: | 26cm | |
| 丛书名: | 生物实验室系列 | |
| 单 册: | ||
| 中图分类: | R37-33 | |
| 科图分类: | ||
| 主题词: | 医药学:微生物学 | |
| 电子资源: | ||
| ISBN: | 7-5025-7605-3 | |
| 000 | 00733nam0 2200229 450 | |
| 001 | 0741144344 | |
| 005 | 20070817112544.34 | |
| 010 | @a7-5025-7605-3@d¥69.00 | |
| 100 | @a20070817d km y0chiy0120 ea | |
| 101 | 0 | @achi |
| 200 | 1 | @a医学微生物学实验技术@Ayi xue wei sheng wu xue shi yan ji shu@f管远志,王艾琳,李坚主编@Fguan yuan zhi,wang ai lin,li jian zhu bian |
| 210 | @a北京@c化学工业出版社@d2005 | |
| 215 | @a471@c插图@d26cm | |
| 225 | 2 | @a生物实验室系列 |
| 410 | 0 | @12001 @a生物实验室系列 |
| 606 | 0 | @a医药学:微生物学 |
| 690 | @aR37-33@v3 | |
| 701 | 0 | @a李坚@Ali jian@4主编 |
| 701 | 0 | @a管远志@Aguan yuan zhi@4主编 |
| 701 | 0 | @a王艾琳@Awang ai lin@4主编 |
| 801 | 0 | @aCN@bPFT@c20070817 |
| 905 | @a213230@dR37-33@en1@f1 | |
| 医学微生物学实验技术/管远志,王艾琳,李坚主编.-北京:化学工业出版社,2005 |
| 471:插图;26cm.-(生物实验室系列) |
| ISBN 7-5025-7605-3:¥69.00 |
| ● |
| 相关链接 |
|
|
|
|
正题名:医学微生物学实验技术
索取号:R37-33/n1
 
预约/预借
| 序号 | 登录号 | 条形码 | 馆藏地/架位号 | 状态 | 备注 |
| 1 | 6601287 | 266012879 | 密集书库-生命科学系/ [索取号:R37-33/n1] | 在馆 | |
| 2 | 6601293 | 266012931 | 密集书库-生命科学系/ [索取号:R37-33/n1] | 在馆 |